MARC

LEADER 00000nam2a2200000 4500
001 41425
005 20231031014055.0
035 |a (RuTPU)RU\TPU\book\42530 
035 |a RU\TPU\book\33056 
090 |a 41425 
100 |a 20020618d1979 km y0rusy50 ca 
101 1 |a rus  |c fre 
102 |a RU 
105 |a y z 001zy 
200 0 |a Т. 2 
210 |d 1979 
215 |a 583 с. 
320 |a Предм. указ.: с. 581-582 
461 1 |0 (RuTPU)RU\TPU\book\54284  |t Квантовая механика  |o пер. с фр.  |o в 2 т.  |f А. Мессиа  |v Т. 2  |d 1978- 
610 1 |a физика 
610 1 |a квантовая механика 
610 1 |a симметрия 
610 1 |a инвариантность 
610 1 |a приближенные методы 
610 1 |a спин 
610 1 |a импульсы 
610 1 |a преобразования 
610 1 |a микрообратимость 
610 1 |a возмущений теория 
610 1 |a вариационные методы 
610 1 |a группы 
610 1 |a рассеяние 
675 |a 530.145.6  |v 3 
801 2 |a RU  |b 63413507  |c 20200828  |g PSBO 
942 |c BK